00897nam a22002417a 45000010005000000030006000050050017000110080041000280200017000690400029000860500015001150820012001301000019001422450101001612600058002623000048003204900043003685050007004115200157004185210027005755210018006026500035006206595FISKH20250812132309.0250513b cb ||||| |||| 00| 0 eng d a076645060310 aFISKHbengcFISKHdFISKH aPZ7.H568 P a428.64  aHoffman, Joan  aPeter's dream : bA start to read book cWritten by Joan Hoffman ; Illustrated by Linda Bronson  aMichigan : bSchool Zone Publishing Company, c1819.  a16 pages : bcolor illustrations ; c23 cm  aTeacher your child to read :vlevel 2  aG  aPeter dreams of a far away land where boys and girls live without anyone telling them what to do-but there is no one to call when they have bad dreams. 8 a380 bLexile estimate 8 aG bRaz-Plus  aDream vFantasy xPicture book